<?xml version="1.0" encoding="UTF-8"?>
<collection xmlns="http://www.loc.gov/MARC21/slim">
    <record>
        <controlfield tag="001">47457</controlfield>
        <controlfield tag="005">20160220115601.0</controlfield>
        <datafield tag="037" ind1=" " ind2=" ">
            <subfield code="a">TAZ-TFG-2015-3217</subfield>
        </datafield>
        <datafield tag="041" ind1=" " ind2=" ">
            <subfield code="a">spa</subfield>
        </datafield>
        <datafield tag="100" ind1="1" ind2=" ">
            <subfield code="a">Arjol Montañés, Sandra</subfield>
        </datafield>
        <datafield tag="245" ind1="0" ind2="0">
            <subfield code="a">Diseño de nueva señalética para el edificio Torres Quevedo del campus Río Ebro</subfield>
        </datafield>
        <datafield tag="260" ind1=" " ind2=" ">
            <subfield code="a">Zaragoza</subfield>
            <subfield code="b">Universidad de Zaragoza</subfield>
            <subfield code="c">2015</subfield>
        </datafield>
        <datafield tag="506" ind1=" " ind2=" ">
            <subfield code="a">by-nc-sa</subfield>
            <subfield code="b">Creative Commons</subfield>
            <subfield code="c">3.0</subfield>
            <subfield code="u">http://creativecommons.org/licenses/by-nc-sa/3.0/</subfield>
        </datafield>
        <datafield tag="520" ind1=" " ind2=" ">
            <subfield code="a">Actualmente la señalética del edificio Torres Quevedo resulta insuficiente para orientarse, siendo necesaria la ayuda de otras personas, bien trabajadores de la universidad (como conserjería) o estudiantes con los que se coincide en los pasillos. Es necesaria una mejora pues todos los años se incorporan nuevas personas que necesitan conocer estos edificios: nuevos estudiantes, nuevos profesores, o incluso personas que trabajan dentro del recinto (reponedores de las máquinas expendedoras, jardineros, personal de limpieza, etc...) A lo largo de todo el edificio Torres Quevedo se pueden diferenciar áreas, departamentos, aulas, etc... Es necesario que los usuarios sepan en todo momento dónde se encuentran, por lo que debe especificarse cada sección y cada puerta evitando confusión. Debe desarrollarse un nuevo sistema de señalética para cada uno de los elementos de la universidad que permita distinguirlo de forma rápida y eficaz. Toda persona que tiene alguna duda sobre la Escuela de Ingeniería y Arquitectura recurre a la página web para resolverla, pues consta de numerosos apartados que informan de cualquier consulta. Sin embargo, no dispone de ningún apartado que permita distinguir cada edificio como en un mapa, ni los departamentos de cada uno de dichos edificios. Se ofrecerá una mejora de la web que permita una previa orientación antes de llegar a la escuela, tanto en el mapa exterior como en los edificios (llevándolo a cabo en el Torres Quevedo).</subfield>
        </datafield>
        <datafield tag="521" ind1=" " ind2=" ">
            <subfield code="a">Graduado en Ingeniería en Diseño Industrial y Desarrollo de Producto</subfield>
        </datafield>
        <datafield tag="540" ind1=" " ind2=" ">
            <subfield code="a">Derechos regulados por licencia Creative Commons</subfield>
        </datafield>
        <datafield tag="700" ind1=" " ind2=" ">
            <subfield code="a">Biedermann, Anna Maria</subfield>
            <subfield code="e">dir.</subfield>
        </datafield>
        <datafield tag="710" ind1="2" ind2=" ">
            <subfield code="a">Universidad de Zaragoza</subfield>
            <subfield code="b">Ingeniería de Diseño y Fabricación</subfield>
            <subfield code="c">Expresión Gráfica de la Ingeniería</subfield>
        </datafield>
        <datafield tag="856" ind1="0" ind2=" ">
            <subfield code="f">592656@celes.unizar.es</subfield>
        </datafield>
        <datafield tag="856" ind1="4" ind2=" ">
            <subfield code="s">719719</subfield>
            <subfield code="u">http://zaguan.unizar.es/record/47457/files/TAZ-TFG-2015-3217.pdf</subfield>
            <subfield code="y">Memoria (spa)</subfield>
        </datafield>
        <datafield tag="909" ind1="C" ind2="O">
            <subfield code="o">oai:zaguan.unizar.es:47457</subfield>
            <subfield code="p">driver</subfield>
            <subfield code="p">trabajos-fin-grado</subfield>
        </datafield>
        <datafield tag="950" ind1=" " ind2=" ">
            <subfield code="a"></subfield>
        </datafield>
        <datafield tag="951" ind1=" " ind2=" ">
            <subfield code="a">deposita:2016-02-19</subfield>
        </datafield>
        <datafield tag="980" ind1=" " ind2=" ">
            <subfield code="a">TAZ</subfield>
            <subfield code="b">TFG</subfield>
            <subfield code="c">EINA</subfield>
        </datafield>
    </record>

    
</collection>